Clasificación económica de las explotaciones agrarias de la Alta Meseta / (Record no. 44674)

MARC details
000 -LEADER
campo de control de longitud fija 00959nam a2200253 i 4500
001 - NÚMERO DE CONTROL
campo de control 44674
003 - IDENTIFICADOR DE NÚMERO DE CONTROL
campo de control ES-MaACL
005 - FECHA Y HORA DE LA ÚLTIMA TRANSACCIÓN
campo de control 20230906161057.0
007 - CAMPO FIJO DE DESCRIPCIÓN FÍSICA--INFORMACIÓN GENERAL
campo de control de longitud fija t|
008 - DATOS DE LONGITUD FIJA--INFORMACIÓN GENERAL
campo de control de longitud fija 030324s1967 sp ||||1| spa d
080 ## - NÚMERO DE LA CLASIFICACIÓN DECIMAL UNIVERSAL
Número de la Clasificación Decimal Universal 338.43(460.18)
245 00 - MENCIÓN DEL TÍTULO
Título Clasificación económica de las explotaciones agrarias de la Alta Meseta /
Mención de responsabilidad, etc. por Miguel Bueno Gómez ... [et al.].
260 ## - PUBLICACIÓN, DISTRIBUCIÓN, ETC.
Lugar de publicación, distribución, etc. Madrid :
Nombre del editor, distribuidor, etc. Servicio Nacional de Concentración Parcelaria y Ordenación Rural,
Fecha de publicación, distribución, etc. 1967.
300 ## - DESCRIPCIÓN FÍSICA
Extensión XII, 97 p. :
Otras características físicas 1 mapa ;
Dimensiones 25 cm.
490 1# - MENCIÓN DE SERIE
Mención de serie Serie monográfica ;
Designación de volumen o secuencia 15
650 #4 - PUNTO DE ACCESO ADICIONAL DE MATERIA--TÉRMINO DE MATERIA
Término de materia o nombre geográfico como elemento de entrada Explotaciones agrícolas-
Subdivisión geográfica Castilla y León.
9 (RLIN) 173845
650 #4 - PUNTO DE ACCESO ADICIONAL DE MATERIA--TÉRMINO DE MATERIA
Término de materia o nombre geográfico como elemento de entrada Explotaciones agrícolas-
Subdivisión geográfica España.
9 (RLIN) 171659
700 1# - ENTRADA AGREGADA--NOMBRE PERSONAL
Nombre de persona Bueno Gómez, Miguel.
9 (RLIN) 32396
710 2# - ENTRADA AGREGADA--NOMBRE DE ENTIDAD CORPORATIVA
Nombre de entidad corporativa o nombre de jurisdicción como elemento de entrada Servicio Nacional de Concentración Parcelaria y Ordenación Rural.
9 (RLIN) 6585
830 1# - PUNTO DE ACCESO ADICIONAL DE SERIE-TÍTULO UNIFORME
Título uniforme Serie monográfica ;
Designación de volumen o secuencia 15
9 (RLIN) 192789
852 4# - LOCALIZACIÓN
Ubicación ES-MaACL
Número de control de estantería C-32550
852 4# - LOCALIZACIÓN
Ubicación ES-MaACL
Número de control de estantería C-34017
Holdings
Estatus retirado Estado de pérdida Estado de daño No para préstamo Biblioteca de origen Biblioteca actual Ubicación en estantería Fecha de adquisición Fuente de adquisición Total de préstamos Signatura topográfica completa Código de barras Visto por última vez Precio de reemplazo Tipo de ítem Koha
        Biblioteca del Ateneo de Madrid Biblioteca del Ateneo de Madrid Depósito 2 17/01/2008     C-34017 1047018 23/02/2023 23/02/2023 Libro impreso
        Biblioteca del Ateneo de Madrid Biblioteca del Ateneo de Madrid Depósito 2 17/01/2008     C-32550 1047017 23/02/2023 23/02/2023 Libro impreso